LEADER 02009nam0 2200445 i 450 001 RAV0056981 005 20251003044320.0 100 $a19890726d1984 ||||0itac50 ba 101 | $aita$cita 102 $ait 181 1$6z01$ai $bxxxe 182 1$6z01$an 183 1$6z01$anc$2RDAcarrier 200 1 $aˆLa ‰storia di Roberto Calvi$fdi Gianfranco Piazzesi e Sandra Bonsanti 210 $aMilano$cLonganesi$dc1984 215 $a274 p.$d21 cm 225 | $aˆIl ‰cammeo$v65 410 0$1001RAV0117480$12001 $aˆIl ‰cammeo$v65 500 10$aˆLa ‰storia di Roberto Calvi$3URB0995473$9CFIV073042$91771245 676 $a332.1$9BANCHE E SERVIZI BANCARI$v19 676 $a332.1092$9BANCHE E SERVIZI BANCARI. PERSONE$v20 676 $a332.12092$9BANCHE COMMERCIALI. Persone$v21 676 $a332.120924$9BANCHE COMMERCIALI. PERSONE COLLEGATE CON IL SOGGETTO$v19 676 $a920.71$9BIOGRAFIE DI UOMINI$v21 686 $aIT/4435.3$cSISTEMA BANCARIO CREDITO RISPARMIO ITALIA 1968-1989$2R 686 $aX0.1/CALVI,ROBERTO$cBIOGRAFIE CALVI ROBERTO$2R 700 1$aPiazzesi$b, Gianfranco$3CFIV073042$4070$0500455 701 1$aBonsanti$b, Sandra$3RAVV011757$4070$0437541 790 0$aAnonimo$3AUFV001401$zPiazzesi, Gianfranco 801 3$aIT$bIT-000000$c19890726 850 $aIT-BN0095 $aIT-SA0002 $aIT-NA0581 $aIT-NA0700 901 $bNAP LA$cINGRESSO 1$n$ 901 $bNAP AE$cCOLL. $n$ 901 $bNAP FC$cFONDO $n$ 901 $bNAP 01$cPOZZO LIB.$nVi sono collocati fondi di economia, periodici di ingegneria e scienze, periodici di economia e statistica e altri fondi comprendenti documenti di economia pervenuti in dono. 912 $aRAV0056981 950 0$aBiblioteca Centralizzata di Ateneo$c1 v.$d 01POZZO LIB.ECON MON 5189$e 0101 0000277845E VMA 1 v.$fB $h20210407$i20210407 977 $a 01$a AE$a FC$a LA 996 $aStoria di Roberto Calvi$91771245 997 $aUNISANNIO